The metropolitan revolution: how cities and metros are fixing our broken politics and fragile economy

Ebook from IG Library

Uloženo v:
Podrobná bibliografie
Hlavní autor: Katz, Bruce
Další autoři: Bradley, Jennifer
Médium: Kniha
Jazyk:Undetermined
Vydáno: Brookings Institution Press 2013
Témata:
On-line přístup:http://lrc.tdmu.edu.vn/opac/search/detail.asp?aID=2&ID=38603
Tagy: Přidat tag
Žádné tagy, Buďte první, kdo otaguje tento záznam!
Thư viện lưu trữ: Trung tâm Học liệu Trường Đại học Thủ Dầu Một
LEADER 00751nam a2200193Ia 4500
001 TDMU_38603
008 210410s9999 xx 000 0 und d
082 |a 658.15 
100 |a Katz, Bruce 
245 4 |a The metropolitan revolution: how cities and metros are fixing our broken politics and fragile economy 
245 0 |c Bruce Katz, Jennifer Bradley 
260 |b Brookings Institution Press 
260 |c 2013 
300 |a 276Pages 
520 |a Ebook from IG Library 
650 |a sociology & anthropology ; Communities; Cộng đồng  |x Đô thị hóa  |z Hoa Kỳ 
700 |a Bradley, Jennifer 
856 |u http://lrc.tdmu.edu.vn/opac/search/detail.asp?aID=2&ID=38603 
980 |a Trung tâm Học liệu Trường Đại học Thủ Dầu Một